000 00727nam a2200205 i 4500
001 123587
003 ES-MaACL
005 20250728103614.0
007 t|
008 070214s1967 sp |||| | spa d
100 1 _aRahner, Karl,
_d1904-1984
_995012
245 1 0 _aOyente de la palabra
_b: fundamentos para una filosofía de la religión /
_cKarl Rahner ; edición refundida por J.B. Metz ; traducción de Alejandro Esteban Lator Ros.
260 _aBarcelona :
_bHerder,
_c1967.
300 _a239 p. ;
_c22 cm.
650 4 _aReligión-
_xFilosofía
_916799
700 1 _aMetz, Johann Baptist.
_980742
700 1 _aLator Ros, Alejandro Esteban.
_970527
852 _aES-MaACL
_jF-6254
999 _c123587
_d123587